Дело о членстве: заявления отдельных лиц о приёме их в общество и о выходе из него

Доступно только в Электронных читальных залах Найти на картеНа карте
RUSMARC
00003597nmc2a22002413x 450
001678e09a9-cc7d-46fa-8bbe-ae6d2e85b437
00520210121214108.0
100##$a20200722l19131930k l0rusy0189 ca
1010#$arus
102##$aRU
105##$ay###
1222#$ad
2001#$aДело о членстве: заявления отдельных лиц о приёме их в общество и о выходе из него
$j19 марта 1913 г. - 26 сентября 1930 г.
215##$a85 л.
$d36,5х26 см
251##$cДело
300##$aДело
371##$aДокумент не является опубликованным и широко распространяемым
461#0$10012c24e4e9-61e6-4711-aac7-22b51bec411a
$12001
$aОбщество имени А.И. Куинджи
$1251
$cФонд
$1852
$j791
462#0$1001d84ab006-a46f-45e3-ae30-3c4130d3ba4f
$12001
$aОбщество имени А.И. Куинджи
$1251
$cОпись
$1852
$j1
801#0$aRU
$bРГИА
$c20200722
$gRCR
801#1$aRU
$bГлавНИВЦ
$c20200722
$2rusmarc
801#2$aRU
$bПБ им. Б.Н. Ельцина
$c20210121
$gRCR
$2rusmarc
850##$aРГИА
852##$aРГИА
$eФедеральное казенное учреждение "Российский государственный исторический архив" (РГИА)
$j14
937##$hРГИА
$d12348626
$aASBIBLIO_SCAN
035##$aRusGRCC00008172
856##$uhttp://readingroom.main.prlib.ru/item.aspx?id_node=n154859040&mode=full
Формат отображения